Powers within / (Record no. 169017)

MARC details
000 -LEADER
fixed length control field 00593nam a2200205 4500
005 - DATE AND TIME OF LATEST TRANSACTION
control field 20191104122557.0
010 ## - LCCN (DPL NO)
LC control number ENG-126798
020 ## - INTERNATIONAL STANDARD BOOK NUMBER
International Standard Book Number 9789352101771
Terms of availability 80.00
035 ## - SYSTEM CONTROL NUMBER
System control number EN-110330
037 ## - SOURCE OF ACQUISITION
Source of stock number/acquisition DBAD/PUB
082 ## - DEWEY DECIMAL CLASSIFICATION NUMBER
Classification number 230.3
100 ## - MAIN ENTRY--PERSONAL NAME
Personal name Sri Aurbindo
245 ## - TITLE STATEMENT
Title Powers within /
Statement of responsibility, etc by Sri Aurobindo [and] The Mother
260 ## - PUBLICATION, DISTRIBUTION, ETC. (IMPRINT)
Place of publication, distribution, etc Pondicherry
Name of publisher, distributor, etc Sri Aurobindo Ashram Publication
Date of publication, distribution, etc 2019
270 ## - ADDRESS
Address Pondicherry
Postal code 605002
300 ## - PHYSICAL DESCRIPTION
Extent 190p.
Dimensions 18cm(pbk)
500 ## - GENERAL NOTE
General note Includes bibliographical references
700 ## - ADDED ENTRY--PERSONAL NAME
Personal name The Mother
942 ## - ADDED ENTRY ELEMENTS (KOHA)
Source of classification or shelving scheme Dewey Decimal Classification
Item type English Books
Classification part 230.3
Call number suffix AUR
Holdings
Withdrawn status Lost status Not for loan Collection code Home library Current library Date acquired Source of acquisition Cost, normal purchase price Full call number Barcode Copy number Cost, replacement price Koha item type
      Non-fiction Central Library Central Library 04/11/2019 DBAD/PUB 80.00 230.3 AUR EN-110330 1 80.00 English Books

© Delhi Public Library
Hit Counter
free hit counter